000 00360 a2200169 4500
001 71795
020 _a8532206409
040 _cAnchieta - Colégio São Paulo
100 _aMorales, Gilson
240 1 0 _aO semeador
_lpor
245 1 0 _aO semeador
300 _a16
362 0 _a1992
440 1 _aFTD
650 4 _aLiteratura infanto-juvenil
942 _cBK
999 _c71795
_d71795